000 00629nam a22002057a 4500
005 20251108165546.0
008 250721s1953 xx 000 0 ara d
082 1 4 _aم/320.5/مون
100 1 _aمونتسكيو،
245 1 0 _aروح الشرائع /
264 1 _aبيروت :
_bاللجنة الدولية لترجمة الروائع الإنسانية،
_c1953.
300 _a
650 1 7 _aالعلوم السياسية
650 1 7 _aالقانون
650 1 7 _aالمذاهب السياسية
650 1 7 _aفرنسا
700 1 _aزعيتر، عادل
_eترجمة
942 _2ddc
_cREF
999 _c30763
_d30763